|
|
|
|
| LEADER |
00000nas a2200000 a 4500 |
| 001 |
vtls009180511 |
| 003 |
SK-MaSNL |
| 005 |
20260228161123.0 |
| 007 |
hd bfa015baap |
| 007 |
hd bfa015babp |
| 007 |
hd afa015bacp |
| 008 |
080204d19942000xo dr naa 0 0slo |
| 040 |
|
|
|a SNK
|b slo
|c SNK
|e AACR2
|
| 041 |
0 |
|
|a slo
|
| 044 |
|
|
|a xo
|c SK
|
| 245 |
0 |
0 |
|a Slovenská republika
|h mikroforma
|
| 260 |
|
|
|a Bratislava
|b Salus
|c 1994-1996
|
| 260 |
3 |
|
|3 1997-2000
|a Bratislava
|b R-press
|
| 310 |
|
|
|a Denne
|
| 340 |
|
|
|a Mikrofilm
|b 35 mm
|
| 362 |
0 |
|
|a 1994-2000
|
| 533 |
|
|
|a Mikrofilm
|m 1994-2000
|b Martin
|c Matica slovenská
|d 1995-1999
|e 21 mikrofilmových cievok ; 35 mm
|n Redukcia: roč. 16 (14x)
|
| 655 |
|
7 |
|a mikrofilmy
|2 SNKPH
|9 266443
|
| 655 |
|
7 |
|a noviny
|2 SNKPH
|9 72987
|
| 776 |
0 |
|
|c Tlačený dokument
|n sign. ČSA 1249
|t Slovenská republika
|
| 910 |
|
|
|a snk
|
| 999 |
|
|
|c 4389
|d 6319
|
| 952 |
|
|
|0 0
|1 0
|4 0
|7 0
|8 5
|d 2008-09-29
|i snk2008/19989
|l 0
|o snkMP 584
|p 17A0591358
|r 2026-02-21 22:30:23
|t 2.5.1997-30.6.1997
|w 2026-02-21
|y PREZ
|
| 952 |
|
|
|0 0
|1 0
|4 0
|7 0
|8 5
|d 2008-10-01
|i snk2008/19992
|l 0
|o snkMP 587
|p 17A0591371
|r 2026-02-21 22:30:28
|t 3.11.1997-31.12.1997
|w 2026-02-21
|y PREZ
|
| 952 |
|
|
|0 0
|1 0
|4 0
|7 0
|8 5
|d 2008-02-04
|i snk2008/15562
|l 0
|o snkMP 111
|p 17A0577177
|r 2026-02-21 22:30:33
|t 2.1.1995-28.2.1995
|w 2026-02-21
|y PREZ
|
| 952 |
|
|
|0 0
|1 0
|4 0
|7 0
|8 5
|d 2008-02-04
|i snk2008/15563
|l 0
|o snkMP 112
|p 17A0577180
|r 2026-02-21 22:30:33
|t 1.3.1995-29.4.1995
|w 2026-02-21
|y PREZ
|
| 952 |
|
|
|0 0
|1 0
|4 0
|7 0
|8 5
|d 2008-09-29
|i snk2008/19984
|l 0
|o snkMP 575
|p 17A0591337
|r 2026-02-21 22:30:38
|t 1.7.1996-31.8.1996
|w 2026-02-21
|y PREZ
|
| 952 |
|
|
|0 0
|1 0
|4 0
|7 0
|8 5
|d 2008-09-29
|i snk2008/19985
|l 0
|o snkMP 576
|p 17A0591338
|r 2026-02-21 22:30:38
|t 2.9.1996-31.10.1996
|w 2026-02-21
|y PREZ
|
| 952 |
|
|
|0 0
|1 0
|4 0
|7 0
|8 5
|d 2008-09-29
|i snk2008/19986
|l 0
|o snkMP 577
|p 17A0591339
|r 2026-02-21 22:30:38
|t 2.11.1996-31.12.1996
|w 2026-02-21
|y PREZ
|
| 952 |
|
|
|0 0
|1 0
|4 0
|7 0
|8 5
|d 2008-09-29
|i snk2008/19987
|l 0
|o snkMP 582
|p 17A0591356
|r 2026-02-21 22:30:38
|t 2.1.1997-28.2.1997
|w 2026-02-21
|y PREZ
|
| 952 |
|
|
|0 0
|1 0
|4 0
|7 0
|8 5
|d 2008-09-29
|i snk2008/19988
|l 0
|o snkMP 583
|p 17A0591357
|r 2026-02-21 22:30:38
|t 1.3.1997-30.4.1997
|w 2026-02-21
|y PREZ
|
| 952 |
|
|
|0 0
|1 0
|4 0
|7 0
|8 5
|d 2008-09-29
|i snk2008/19990
|l 0
|o snkMP 585
|p 17A0591359
|r 2026-02-21 22:30:38
|t 1.7.1997-30.8.1997
|w 2026-02-21
|y PREZ
|
| 952 |
|
|
|0 0
|1 0
|4 0
|7 0
|8 5
|d 2008-09-24
|i snk2008/19981
|l 0
|o snkMP 572
|p 17A0591322
|r 2026-02-21 22:30:39
|t 2.1.1996-29.2.1996
|w 2026-02-21
|y PREZ
|
| 952 |
|
|
|0 0
|1 0
|4 0
|7 0
|8 5
|d 2008-09-24
|i snk2008/19982
|l 0
|o snkMP 573
|p 17A0591323
|r 2026-02-21 22:30:39
|t 1.3.1996-30.4.1996
|w 2026-02-21
|y PREZ
|
| 952 |
|
|
|0 0
|1 0
|4 0
|7 0
|8 5
|d 2008-09-24
|i snk2008/19983
|l 0
|o snkMP 574
|p 17A0591324
|r 2026-02-21 22:30:39
|t 2.5.1996-29.6.1996
|w 2026-02-21
|y PREZ
|
| 952 |
|
|
|0 0
|1 0
|4 0
|7 0
|8 5
|d 2008-10-01
|i snk2008/19993
|l 0
|o snkMP 588
|p 17A0591372
|r 2026-02-21 22:30:39
|t 2.1.1998-28.2.1998
|w 2026-02-21
|y PREZ
|
| 952 |
|
|
|0 0
|1 0
|4 0
|7 0
|8 5
|d 2008-10-01
|i snk2008/19994
|l 0
|o snkMP 589
|p 17A0591373
|r 2026-02-21 22:30:39
|t 2.3.1998-30.4.1998
|w 2026-02-21
|y PREZ
|
| 952 |
|
|
|0 0
|1 0
|4 0
|7 0
|8 5
|d 2008-10-01
|i snk2008/19995
|l 0
|o snkMP 590
|p 17A0591374
|r 2026-02-21 22:30:39
|t 2.5.1998-30.6.1998
|w 2026-02-21
|y PREZ
|
| 952 |
|
|
|0 0
|1 0
|4 0
|7 0
|8 5
|d 2008-03-07
|i snk2008/15565
|l 0
|o snkMP 195
|p 17A0577427
|r 2026-02-21 22:30:41
|t 1.7.1995-31.8.1995
|w 2026-02-21
|y PREZ
|
| 952 |
|
|
|0 0
|1 0
|4 0
|7 0
|8 5
|d 2008-03-07
|i snk2008/15567
|l 0
|o snkMP 196
|p 17A0577430
|r 2026-02-21 22:30:41
|t 2.9.1995-31.10.1995
|w 2026-02-21
|y PREZ
|
| 952 |
|
|
|0 0
|1 0
|4 0
|7 0
|8 5
|d 2008-03-07
|i snk2008/15569
|l 0
|o snkMP 197
|p 17A0577433
|r 2026-02-21 22:30:41
|t 2.11.1995-30.12.1995
|w 2026-02-21
|y PREZ
|
| 952 |
|
|
|0 0
|1 0
|4 0
|7 0
|8 5
|d 2008-03-06
|i snk2008/15564
|l 0
|o snkMP 194
|p 17A0577424
|r 2026-02-21 22:30:42
|t 2.5.1995-30.6.1995
|w 2026-02-21
|y PREZ
|
| 952 |
|
|
|0 0
|1 0
|4 0
|7 0
|8 5
|d 2008-09-29
|i snk2008/19991
|l 0
|o snkMP 586
|p 17A0591360
|r 2026-02-21 22:30:44
|t 2.9.1997-31.10.1997
|w 2026-02-21
|y PREZ
|
| 952 |
|
|
|0 0
|1 0
|4 0
|7 0
|8 5
|a SNKDIV
|b SNKDIV
|d 2008-02-04
|l 0
|o snkMA 112
|p 17A0577178
|r 2026-02-21 22:32:09
|w 2026-02-21
|y NEVYP
|
| 952 |
|
|
|0 0
|1 0
|4 0
|7 0
|8 5
|a SNKDIV
|b SNKDIV
|d 2008-10-01
|l 0
|o snkMA 587
|p 17A0591361
|r 2026-02-21 22:32:10
|w 2026-02-21
|y NEVYP
|
| 952 |
|
|
|0 0
|1 0
|4 0
|7 0
|8 5
|a SNKDIV
|b SNKDIV
|d 2008-10-01
|l 0
|o snkMM 590
|p 17A0591370
|r 2026-02-21 22:32:10
|w 2026-02-21
|y NEVYP
|
| 952 |
|
|
|0 0
|1 0
|4 0
|7 0
|8 5
|a SNKDIV
|b SNKDIV
|d 2008-03-07
|l 0
|o snkMM 195
|p 17A0577426
|r 2026-02-21 22:32:11
|w 2026-02-21
|y NEVYP
|
| 952 |
|
|
|0 0
|1 0
|4 0
|7 0
|8 5
|a SNKDIV
|b SNKDIV
|d 2008-09-29
|l 0
|o snkMA 575
|p 17A0591325
|r 2026-02-21 22:32:14
|w 2026-02-21
|y NEVYP
|
| 952 |
|
|
|0 0
|1 0
|4 0
|7 0
|8 5
|a SNKDIV
|b SNKDIV
|d 2008-09-29
|l 0
|o snkMA 582
|p 17A0591344
|r 2026-02-21 22:32:14
|w 2026-02-21
|y NEVYP
|
| 952 |
|
|
|0 0
|1 0
|4 0
|7 0
|8 5
|a SNKDIV
|b SNKDIV
|d 2008-02-04
|l 0
|o snkMA 111
|p 17A0577175
|r 2026-02-21 22:32:21
|w 2026-02-21
|y NEVYP
|
| 952 |
|
|
|0 0
|1 0
|4 0
|7 0
|8 5
|a SNKDIV
|b SNKDIV
|d 2008-02-04
|l 0
|o snkMM 111
|p 17A0577176
|r 2026-02-21 22:32:21
|w 2026-02-21
|y NEVYP
|
| 952 |
|
|
|0 0
|1 0
|4 0
|7 0
|8 5
|a SNKDIV
|b SNKDIV
|d 2008-02-04
|l 0
|o snkMM 112
|p 17A0577179
|r 2026-02-21 22:32:21
|w 2026-02-21
|y NEVYP
|
| 952 |
|
|
|0 0
|1 0
|4 0
|7 0
|8 5
|a SNKDIV
|b SNKDIV
|d 2008-09-29
|l 0
|o snkMA 576
|p 17A0591326
|r 2026-02-21 22:32:31
|w 2026-02-21
|y NEVYP
|
| 952 |
|
|
|0 0
|1 0
|4 0
|7 0
|8 4
|a SNKDIV
|b SNKDIV
|d 2008-09-29
|l 0
|o snkMA 577
|p 17A0591327
|r 2026-02-21 22:32:31
|w 2026-02-21
|y NEVYP
|
| 952 |
|
|
|0 0
|1 0
|4 0
|7 0
|8 5
|a SNKDIV
|b SNKDIV
|d 2008-09-29
|l 0
|o snkMM 575
|p 17A0591331
|r 2026-02-21 22:32:31
|w 2026-02-21
|y NEVYP
|
| 952 |
|
|
|0 0
|1 0
|4 0
|7 0
|8 5
|a SNKDIV
|b SNKDIV
|d 2008-09-29
|l 0
|o snkMM 576
|p 17A0591332
|r 2026-02-21 22:32:31
|w 2026-02-21
|y NEVYP
|
| 952 |
|
|
|0 0
|1 0
|4 0
|7 0
|8 5
|a SNKDIV
|b SNKDIV
|d 2008-09-29
|l 0
|o snkMM 577
|p 17A0591333
|r 2026-02-21 22:32:31
|w 2026-02-21
|y NEVYP
|
| 952 |
|
|
|0 0
|1 0
|4 0
|7 0
|8 5
|a SNKDIV
|b SNKDIV
|d 2008-09-29
|l 0
|o snkMA 583
|p 17A0591345
|r 2026-02-21 22:32:31
|w 2026-02-21
|y NEVYP
|
| 952 |
|
|
|0 0
|1 0
|4 0
|7 0
|8 5
|a SNKDIV
|b SNKDIV
|d 2008-09-29
|l 0
|o snkMA 584
|p 17A0591346
|r 2026-02-21 22:32:32
|w 2026-02-21
|y NEVYP
|
| 952 |
|
|
|0 0
|1 0
|4 0
|7 0
|8 5
|a SNKDIV
|b SNKDIV
|d 2008-09-29
|l 0
|o snkMA 585
|p 17A0591347
|r 2026-02-21 22:32:32
|w 2026-02-21
|y NEVYP
|
| 952 |
|
|
|0 0
|1 0
|4 0
|7 0
|8 5
|a SNKDIV
|b SNKDIV
|d 2008-09-29
|l 0
|o snkMA 586
|p 17A0591348
|r 2026-02-21 22:32:32
|w 2026-02-21
|y NEVYP
|
| 952 |
|
|
|0 0
|1 0
|4 0
|7 0
|8 5
|a SNKDIV
|b SNKDIV
|d 2008-09-29
|l 0
|o snkMM 582
|p 17A0591350
|r 2026-02-21 22:32:32
|w 2026-02-21
|y NEVYP
|
| 952 |
|
|
|0 0
|1 0
|4 0
|7 0
|8 5
|a SNKDIV
|b SNKDIV
|d 2008-09-29
|l 0
|o snkMM 583
|p 17A0591351
|r 2026-02-21 22:32:32
|w 2026-02-21
|y NEVYP
|
| 952 |
|
|
|0 0
|1 0
|4 0
|7 0
|8 4
|a SNKDIV
|b SNKDIV
|d 2008-09-29
|l 0
|o snkMM 584
|p 17A0591352
|r 2026-02-21 22:32:32
|w 2026-02-21
|y NEVYP
|
| 952 |
|
|
|0 0
|1 0
|4 0
|7 0
|8 5
|a SNKDIV
|b SNKDIV
|d 2008-09-29
|l 0
|o snkMM 585
|p 17A0591353
|r 2026-02-21 22:32:32
|w 2026-02-21
|y NEVYP
|
| 952 |
|
|
|0 0
|1 0
|4 0
|7 0
|8 5
|a SNKDIV
|b SNKDIV
|d 2008-09-29
|l 0
|o snkMM 586
|p 17A0591354
|r 2026-02-21 22:32:32
|w 2026-02-21
|y NEVYP
|
| 952 |
|
|
|0 0
|1 0
|4 0
|7 0
|8 5
|a SNKDIV
|b SNKDIV
|d 2008-09-24
|l 0
|o snkMA 572
|p 17A0591310
|r 2026-02-21 22:32:34
|w 2026-02-21
|y NEVYP
|
| 952 |
|
|
|0 0
|1 0
|4 0
|7 0
|8 5
|a SNKDIV
|b SNKDIV
|d 2008-09-24
|l 0
|o snkMA 573
|p 17A0591311
|r 2026-02-21 22:32:34
|w 2026-02-21
|y NEVYP
|
| 952 |
|
|
|0 0
|1 0
|4 0
|7 0
|8 5
|a SNKDIV
|b SNKDIV
|d 2008-09-24
|l 0
|o snkMA 574
|p 17A0591312
|r 2026-02-21 22:32:34
|w 2026-02-21
|y NEVYP
|
| 952 |
|
|
|0 0
|1 0
|4 0
|7 0
|8 5
|a SNKDIV
|b SNKDIV
|d 2008-09-24
|l 0
|o snkMM 572
|p 17A0591316
|r 2026-02-21 22:32:34
|w 2026-02-21
|y NEVYP
|
| 952 |
|
|
|0 0
|1 0
|4 0
|7 0
|8 5
|a SNKDIV
|b SNKDIV
|d 2008-09-24
|l 0
|o snkMM 573
|p 17A0591317
|r 2026-02-21 22:32:34
|w 2026-02-21
|y NEVYP
|
| 952 |
|
|
|0 0
|1 0
|4 0
|7 0
|8 5
|a SNKDIV
|b SNKDIV
|d 2008-09-24
|l 0
|o snkMM 574
|p 17A0591318
|r 2026-02-21 22:32:34
|w 2026-02-21
|y NEVYP
|
| 952 |
|
|
|0 0
|1 0
|4 0
|7 0
|8 5
|a SNKDIV
|b SNKDIV
|d 2008-10-01
|l 0
|o snkMA 588
|p 17A0591362
|r 2026-02-21 22:32:34
|w 2026-02-21
|y NEVYP
|
| 952 |
|
|
|0 0
|1 0
|4 0
|7 0
|8 5
|a SNKDIV
|b SNKDIV
|d 2008-10-01
|l 0
|o snkMA 589
|p 17A0591363
|r 2026-02-21 22:32:34
|w 2026-02-21
|y NEVYP
|
| 952 |
|
|
|0 0
|1 0
|4 0
|7 0
|8 5
|a SNKDIV
|b SNKDIV
|d 2008-10-01
|l 0
|o snkMA 590
|p 17A0591364
|r 2026-02-21 22:32:34
|w 2026-02-21
|y NEVYP
|
| 952 |
|
|
|0 0
|1 0
|4 0
|7 0
|8 5
|a SNKDIV
|b SNKDIV
|d 2008-10-01
|l 0
|o snkMM 587
|p 17A0591367
|r 2026-02-21 22:32:35
|w 2026-02-21
|y NEVYP
|
| 952 |
|
|
|0 0
|1 0
|4 0
|7 0
|8 5
|a SNKDIV
|b SNKDIV
|d 2008-10-01
|l 0
|o snkMM 588
|p 17A0591368
|r 2026-02-21 22:32:35
|w 2026-02-21
|y NEVYP
|
| 952 |
|
|
|0 0
|1 0
|4 0
|7 0
|8 5
|a SNKDIV
|b SNKDIV
|d 2008-10-01
|l 0
|o snkMM 589
|p 17A0591369
|r 2026-02-21 22:32:35
|w 2026-02-21
|y NEVYP
|
| 952 |
|
|
|0 0
|1 0
|4 0
|7 0
|8 5
|a SNKDIV
|b SNKDIV
|d 2008-03-07
|l 0
|o snkMA 195
|p 17A0577425
|r 2026-02-21 22:32:36
|w 2026-02-21
|y NEVYP
|
| 952 |
|
|
|0 0
|1 0
|4 0
|7 0
|8 5
|a SNKDIV
|b SNKDIV
|d 2008-03-07
|l 0
|o snkMA 196
|p 17A0577428
|r 2026-02-21 22:32:37
|w 2026-02-21
|y NEVYP
|
| 952 |
|
|
|0 0
|1 0
|4 0
|7 0
|8 5
|a SNKDIV
|b SNKDIV
|d 2008-03-07
|l 0
|o snkMM 196
|p 17A0577429
|r 2026-02-21 22:32:37
|w 2026-02-21
|y NEVYP
|
| 952 |
|
|
|0 0
|1 0
|4 0
|7 0
|8 5
|a SNKDIV
|b SNKDIV
|d 2008-03-07
|l 0
|o snkMA 197
|p 17A0577431
|r 2026-02-21 22:32:37
|w 2026-02-21
|y NEVYP
|
| 952 |
|
|
|0 0
|1 0
|4 0
|7 0
|8 5
|a SNKDIV
|b SNKDIV
|d 2008-03-07
|l 0
|o snkMM 197
|p 17A0577432
|r 2026-02-21 22:32:37
|w 2026-02-21
|y NEVYP
|
| 952 |
|
|
|0 0
|1 0
|4 0
|7 0
|8 5
|a SNKDIV
|b SNKDIV
|d 2008-03-06
|l 0
|o snkMA 194
|p 17A0577422
|r 2026-02-21 22:32:38
|w 2026-02-21
|y NEVYP
|
| 952 |
|
|
|0 0
|1 0
|4 0
|7 0
|8 5
|a SNKDIV
|b SNKDIV
|d 2008-03-06
|l 0
|o snkMM 194
|p 17A0577423
|r 2026-02-21 22:32:38
|w 2026-02-21
|y NEVYP
|